<?xml version="1.0" encoding="UTF-8"?>
<marc:record xmlns:marc="http://www.loc.gov/MARC21/slim">
   <marc:leader>00000nam a2200000 a 4500</marc:leader>
   <marc:datafield ind1="1" ind2=" " tag="100">
      <marc:subfield code="a">Walt Disney</marc:subfield>
      <marc:subfield code="4">aut</marc:subfield>
      <marc:subfield code="e">Verfasser/-in</marc:subfield>
   </marc:datafield>
   <marc:datafield ind1=" " ind2=" " tag="653">
      <marc:subfield code="a">Tonie-Hörbuch</marc:subfield>
   </marc:datafield>
   <marc:datafield ind1=" " ind2=" " tag="653">
      <marc:subfield code="a">Tonies</marc:subfield>
   </marc:datafield>
   <marc:datafield ind1=" " ind2=" " tag="653">
      <marc:subfield code="a">Lion King</marc:subfield>
   </marc:datafield>
   <marc:datafield ind1=" " ind2=" " tag="653">
      <marc:subfield code="a">Tiere</marc:subfield>
   </marc:datafield>
   <marc:datafield ind1="0" ind2="0" tag="245">
      <marc:subfield code="a">Der König der Löwen: Tonies Hörfigur</marc:subfield>
   </marc:datafield>
   <marc:datafield ind1="0" ind2="0" tag="245">
      <marc:subfield code="b">Hörspiel mit Liedern</marc:subfield>
   </marc:datafield>
   <marc:datafield ind1="0" ind2="0" tag="245">
      <marc:subfield code="c">Walt Disney</marc:subfield>
   </marc:datafield>
   <marc:datafield ind1=" " ind2="1" tag="264">
      <marc:subfield code="b">Walt Disney Records</marc:subfield>
      <marc:subfield code="c">2018</marc:subfield>
   </marc:datafield>
   <marc:datafield ind1="1" ind2=" " tag="520">
      <marc:subfield code="a">Als unbekümmerter Löwenjunge kann es Simba kaum erwarten, endlich König vom geweihten Land zu werden. Sein Vater Mufasa bereitet ihn sorgfältig auf diese Rolle vor und klärt ihn über den ewigen Kreis des Lebens auf. &#xD;
&#xD;
Doch Mufasas hinterlistiger Bruder Scar hat mit den Hyänen einen teuflischen Komplott ausgeheckt, um Simba den Thron streitig zu machen. Er lockt Mufasa in eine tödliche Falle und Simba muss fliehen. Auf der Flucht trifft er neue Freunde - Timon und Pumbaa, die sein Leben wieder lebenswert und frei von Sorgen machen. Mit ihnen lebt Simba unbeschwert in den Tag hinein, bis er seiner Freundin Nala begegnet, die ihm von Scars Schreckensherrschaft berichtet. Simba muss sich zwischen Spaß und Pflicht entscheiden...&#xD;
&#xD;
Sprecher:&#xD;
    Klaus Jepsen, Joachim Kemmer, Wolfgang Kühne, Rita Engelmann, Julius Jellinek, Frank Lorenz Engel, u.v.a. &#xD;
&#xD;
https://tonies.com/de-de/shop/tonies/disney/der-koenig-der-loewen/</marc:subfield>
   </marc:datafield>
   <marc:datafield ind1=" " ind2=" " tag="041">
      <marc:subfield code="a">ger</marc:subfield>
   </marc:datafield>
   <marc:datafield ind1=" " ind2=" " tag="338">
      <marc:subfield code="a">Nicht spezifiziert</marc:subfield>
   </marc:datafield>
   <marc:datafield ind1=" " ind2=" " tag="300">
      <marc:subfield code="a">1</marc:subfield>
   </marc:datafield>
</marc:record>
